| 000 | 00463nam a22001817a 4500 | ||
|---|---|---|---|
| 003 | OSt | ||
| 005 | 20180116183005.0 | ||
| 008 | 150806b xxu||||| |||| 00| 0 eng d | ||
| 020 | _a9788120349087 | ||
| 040 | _c0 | ||
| 082 |
_213th _a657.42 BAN 2014 |
||
| 100 | _aBhabatosh Banerjee | ||
| 245 |
_aCost Accounting _bTheory and Practice _cBhabatosh Banerjee |
||
| 260 |
_aIndia _bPHI _c2014 |
||
| 300 |
_a1044 _bPB |
||
| 440 | _aCost Accounting | ||
| 942 |
_2ddc _cBK |
||
| 999 |
_c350029 _d350029 |
||